[Event "CAMPEONATO PROVINCIAL ABSOLUTO de ALICAN"]
[Site "Elche"]
[Date "2011.11.05"]
[Round "4"]
[White "Navarro Lopez-Menchero, Daniel"]
[Black "Serarols Mabras, Bernat"]
[Result "1-0"]
[WhiteElo "2184"]
[BlackElo "1869"]
[PlyCount "65"]
[EventDate "2011.10.01"]
[EventRounds "7"]
[EventCountry "ESP"]

1. e4 c6 2. Nc3 d5 3. Qf3 Nf6 4. e5 Nfd7 5. d4 e6 6. Qg3 c5 7. Nb5 cxd4 8. Nf3
Nc6 9. Bd3 g6 10. O-O a6 11. Nbxd4 Bg7 12. Nxc6 bxc6 13. h4 a5 14. h5 Ba6 15.
h6 Bf8 16. Bd2 Bb4 17. Rac1 Bxd3 18. cxd3 Bxd2 19. Nxd2 Qb6 20. Rc2 O-O 21. Nf3
Rfc8 22. Qf4 Qb4 23. d4 Qe7 24. Rfc1 c5 25. Ng5 c4 26. b3 Nb6 27. bxc4 Rxc4 28.
Rxc4 Nxc4 29. Ne4 Rb8 30. Nd6 Nxd6 31. exd6 Qf8 32. d7 Ra8 33. Qf6 1-0

[Event "CAMPEONATO PROVINCIAL ABSOLUTO de ALICAN"]
[Site "Elche"]
[Date "2011.11.12"]
[Round "5"]
[White "Zamora Soler, Raul"]
[Black "Sanchez Jerez, Emilio Miguel"]
[Result "1-0"]
[WhiteElo "2027"]
[BlackElo "2275"]
[PlyCount "104"]
[EventDate "2011.10.01"]
[EventRounds "7"]
[EventCountry "ESP"]

1. e4 c5 2. Nf3 a6 3. c4 d6 4. d4 cxd4 5. Nxd4 Nf6 6. Nc3 e6 7. Be2 Be7 8. O-O
O-O 9. Be3 Qc7 10. Qd2 Nbd7 11. Rac1 b6 12. f3 Bb7 13. Rfd1 Rac8 14. b3 Qb8 15.
Bd3 Rfe8 16. Qf2 Bd8 17. Be2 Bc7 18. g3 Qa8 19. Nc2 h6 20. Na4 Nc5 21. Nxc5
dxc5 22. b4 Nh7 23. bxc5 bxc5 24. Bxc5 Ng5 25. Qe3 f5 26. h4 f4 27. Qa3 Nf7 28.
g4 Ne5 29. Ne1 Bb8 30. Kg2 Red8 31. Rxd8+ Rxd8 32. Qb2 h5 33. g5 Ng6 34. Qb6
Rd2 35. Rc2 Rxc2 36. Qxe6+ Kh7 37. Nxc2 Nxh4+ 38. Kh3 Ba7 39. Kxh4 Bxc5 40.
Qf5+ g6 41. Qxc5 Qd8 42. Nd4 Qd7 43. e5 Bc8 44. e6 Qb7 45. Qe5 Qb1 46. Qc7+ Bd7
47. Qxd7+ Kh8 48. Qd8+ Kh7 49. Qc7+ Kg8 50. Qxf4 Qh1+ 51. Kg3 h4+ 52. Kf2 Qh3
1-0

[Event "CAMPEONATO PROVINCIAL ABSOLUTO de ALICAN"]
[Site "Elche"]
[Date "2011.11.12"]
[Round "5"]
[White "Marti Blanes, Jose Manuel"]
[Black "Sanchez Barbado, Carlos"]
[Result "1-0"]
[WhiteElo "1921"]
[BlackElo "2180"]
[PlyCount "127"]
[EventDate "2011.10.01"]
[EventRounds "7"]
[EventCountry "ESP"]

1. d4 Nf6 2. Nf3 g6 3. c4 c5 4. Nc3 cxd4 5. Nxd4 Bg7 6. g3 O-O 7. Bg2 Nc6 8.
O-O a6 9. h3 d6 10. Be3 Bd7 11. Rc1 Rc8 12. Nxc6 Bxc6 13. Nd5 Bxd5 14. cxd5 Qa5
15. Qb3 Qb5 16. Qxb5 axb5 17. Rxc8 Rxc8 18. Rc1 Rxc1+ 19. Bxc1 Nd7 20. Kf1 Nc5
21. b3 Bc3 22. Bf3 f5 23. Bg5 Kf7 24. g4 Ne4 25. Bxe4 fxe4 26. f3 exf3 27. exf3
e6 28. dxe6+ Kxe6 29. Ke2 Kd5 30. Kd3 Bg7 31. Be3 Bf6 32. f4 Bg7 33. f5 gxf5
34. gxf5 Bf6 35. Bf4 Kc6 36. Ke4 d5+ 37. Kd3 Kc5 38. h4 Bxh4 39. Be5 Be7 40.
Bg7 Bd6 41. f6 Be5 42. Bf8+ Kc6 43. f7 Kd7 44. Bh6 Bd6 45. f8=Q Bxf8 46. Bxf8
h5 47. Bc5 Ke6 48. Bg1 Kd6 49. Kd4 Kc6 50. Bf2 Kd6 51. Bg3+ Kc6 52. a3 Kb6 53.
Kxd5 Ka5 54. b4+ Kb6 55. Bf2+ Ka6 56. Kc5 h4 57. Bxh4 Ka7 58. Kxb5 Ka8 59. Kb6
Kb8 60. a4 Ka8 61. Kc7 Ka7 62. b5 Ka8 63. a5 Ka7 64. b6+ 1-0

[Event "CAMPEONATO PROVINCIAL ABSOLUTO de ALICAN"]
[Site "Elche"]
[Date "2011.11.12"]
[Round "5"]
[White "Arias Igual, Alejandro"]
[Black "Moreno Simo, Javier"]
[Result "0-1"]
[WhiteElo "2123"]
[BlackElo "2034"]
[PlyCount "78"]
[EventDate "2011.10.01"]
[EventRounds "7"]
[EventCountry "ESP"]

1. d4 f5 2. g4 fxg4 3. e4 d6 4. Bg5 g6 5. Nc3 Bg7 6. Qd2 Nc6 7. Nge2 h6 8. Be3
e5 9. O-O-O Nf6 10. h3 gxh3 11. Bxh3 Bxh3 12. Rxh3 Ng4 13. d5 Ne7 14. Kb1 Qd7
15. Qd3 a6 16. Rhh1 O-O-O 17. b4 Nxe3 18. fxe3 h5 19. Ka1 h4 20. a4 g5 21. a5
Kb8 22. Rb1 Ka7 23. Rb3 g4 24. b5 g3 25. Rhb1 Qc8 26. b6+ cxb6 27. Rxb6 g2 28.
Nb5+ axb5 29. Nc3 Rd7 30. Nxb5+ Kb8 31. Qb3 Qc5 32. Nxd6 Qxa5+ 33. Kb2 Rxd6 34.
Rxd6 Nc8 35. Rg6 Rh6 36. Rxh6 Bxh6 37. d6 Bxe3 38. Qxe3 Nxd6 39. Qb3 Qb5 0-1

[Event "CAMPEONATO PROVINCIAL ABSOLUTO de ALICAN"]
[Site "Elche"]
[Date "2011.11.12"]
[Round "5"]
[White "Serrano Marhuenda, Salvador"]
[Black "Escalona Moncholi, Felix"]
[Result "1/2-1/2"]
[WhiteElo "2103"]
[BlackElo "2012"]
[PlyCount "78"]
[EventDate "2011.10.01"]
[EventRounds "7"]
[EventCountry "ESP"]

1. e4 e6 2. d4 d5 3. Nc3 Nf6 4. e5 Nfd7 5. f4 c5 6. Nf3 Nc6 7. Be3 a6 8. Qd2 b5
9. g3 Qb6 10. Bg2 cxd4 11. Nxd4 Bc5 12. Rd1 Nxd4 13. Bxd4 O-O 14. O-O Bxd4+ 15.
Qxd4 g6 16. g4 Qxd4+ 17. Rxd4 Nb6 18. b3 Bd7 19. Ne2 Rac8 20. c3 Bc6 21. Rc1
Ba8 22. g5 Kg7 23. Kf2 h5 24. h4 Nd7 25. Ke3 Rfd8 26. Bf3 Kf8 27. a4 Nc5 28.
Rb1 bxa4 29. bxa4 Rb8 30. Rdb4 Rxb4 31. Rxb4 Bc6 32. a5 Nb7 33. Nd4 Nxa5 34.
Be2 Bb5 35. Nxb5 axb5 36. Bxb5 Rc8 37. Kd3 Nc6 38. Bxc6 Rxc6 39. Ra4 Rc7
1/2-1/2

[Event "CAMPEONATO PROVINCIAL ABSOLUTO de ALICAN"]
[Site "Elche"]
[Date "2011.11.12"]
[Round "5"]
[White "Beltran Garcia, Ruben"]
[Black "Navarro Lopez-Menchero, Daniel"]
[Result "1-0"]
[WhiteElo "2074"]
[BlackElo "2184"]
[PlyCount "84"]
[EventDate "2011.10.01"]
[EventRounds "7"]
[EventCountry "ESP"]

1. e4 c5 2. Nc3 Nc6 3. f4 g6 4. Nf3 Bg7 5. Bb5 Nd4 6. Nxd4 cxd4 7. Ne2 a6 8.
Bd3 d6 9. c3 dxc3 10. bxc3 Nf6 11. O-O O-O 12. a4 Ng4 13. Rb1 Qa5 14. Ba3 b5
15. Kh1 bxa4 16. h3 Qh5 17. Qxa4 Nh6 18. Kh2 g5 19. Qa5 Bf6 20. Ng1 Ng4+ 21.
Kh1 Qh4 22. Nf3 Nf2+ 23. Rxf2 Qxf2 24. Rf1 Qg3 25. e5 dxe5 26. fxe5 Bg7 27.
Bxe7 Bxh3 28. gxh3 Qxh3+ 29. Kg1 Qg3+ 30. Kh1 g4 31. Qd5 Qh3+ 32. Kg1 Qg3+ 33.
Kh1 Qh3+ 34. Kg1 gxf3 35. Rxf3 Qg4+ 36. Kf2 Qh5 37. Rg3 Qh2+ 38. Rg2 Qf4+ 39.
Kg1 Kh8 40. Rxg7 Rg8 41. Qxa8 Kxg7 42. Bf6+ Kh6+ 1-0

[Event "CAMPEONATO PROVINCIAL ABSOLUTO de ALICAN"]
[Site "Elche"]
[Date "2011.11.12"]
[Round "5"]
[White "Del Valle Domenech, Rafael"]
[Black "Bendayan Claros, Aaron"]
[Result "1/2-1/2"]
[WhiteElo "2036"]
[BlackElo "2175"]
[PlyCount "35"]
[EventDate "2011.10.01"]
[EventRounds "7"]
[EventCountry "ESP"]

1. d4 Nf6 2. c4 e6 3. Nc3 d5 4. Bg5 Nbd7 5. cxd5 exd5 6. e3 Bb4 7. Bd3 c5 8.
Nge2 cxd4 9. exd4 O-O 10. O-O Be7 11. Ng3 h6 12. Bf4 Nb6 13. Nb5 Bd7 14. Bc7
Qc8 15. Rc1 Nc4 16. Bd6 Qd8 17. Bc7 Qc8 18. Bd6 1/2-1/2

[Event "CAMPEONATO PROVINCIAL ABSOLUTO de ALICAN"]
[Site "Elche"]
[Date "2011.11.12"]
[Round "5"]
[White "Diez Machin, Vicente"]
[Black "O`neill Y Daneiko, Jose Antonio"]
[Result "0-1"]
[WhiteElo "2015"]
[BlackElo "2091"]
[PlyCount "72"]
[EventDate "2011.10.01"]
[EventRounds "7"]
[EventCountry "ESP"]

1. e4 c5 2. Nf3 Nc6 3. d4 cxd4 4. Nxd4 Nf6 5. Nc3 e5 6. Ndb5 d6 7. Nd5 Nxd5 8.
exd5 Ne7 9. c4 Ng6 10. Bd3 Be7 11. O-O a6 12. Nc3 O-O 13. Be3 f5 14. f3 Bg5 15.
Qd2 Bxe3+ 16. Qxe3 Nf4 17. Kh1 Rf6 18. Rf2 Rh6 19. Bf1 Qh4 20. g3 Qxg3 21. Ne2
Nxe2 22. Bxe2 Bd7 23. Rg2 Qf4 24. Qb6 Re8 25. Rag1 e4 26. Rxg7+ Kh8 27. R7g3
exf3 28. Bxf3 Rg6 29. Rxg6 hxg6 30. Bg2 Re2 31. b3 Qe5 32. Qxb7 Be8 33. Qxa6 f4
34. Qa7 f3 35. b4 fxg2+ 36. Rxg2 Re1+ 0-1

[Event "CAMPEONATO PROVINCIAL ABSOLUTO de ALICAN"]
[Site "Elche"]
[Date "2011.11.12"]
[Round "5"]
[White "Aledo Lopez, Angel"]
[Black "Lloret Ramon, Carles"]
[Result "1-0"]
[WhiteElo "2071"]
[BlackElo "1654"]
[PlyCount "37"]
[EventDate "2011.10.01"]
[EventRounds "7"]
[EventCountry "ESP"]

1. e4 c5 2. c3 d6 3. d4 cxd4 4. cxd4 Nf6 5. Nc3 a6 6. Bc4 b5 7. Bd3 Bb7 8. Nf3
b4 9. Qa4+ Bc6 10. Qxb4 e6 11. Qb3 Be7 12. d5 exd5 13. exd5 Bd7 14. Qb7 O-O 15.
Qxa8 a5 16. O-O Bg4 17. Nd4 Qb6 18. Nb3 Bd8 19. Be3 1-0

[Event "Campeonato Individual Provincial Absolut"]
[Site "Trinquet de Manises (Manises -"]
[Date "2011.10.01"]
[Round "1"]
[White "Sanchez Saez, Francisco"]
[Black "Calvo Galve, Nestor"]
[Result "0-1"]
[WhiteElo "2268"]
[BlackElo "2055"]
[PlyCount "140"]
[EventDate "2011.10.01"]
[EventRounds "7"]
[EventCountry "ESP"]

1. e4 e5 2. Nc3 Nf6 3. f4 d5 4. fxe5 Nxe4 5. Nf3 Be7 6. Qe2 Nxc3 7. dxc3 O-O 8.
Bf4 c5 9. g3 Nc6 10. Bg2 Qb6 11. O-O-O d4 12. c4 Nb4 13. Kb1 Bf5 14. Ne1 Qg6
15. Nd3 Nxd3 16. cxd3 Bg4 17. Bf3 Bxf3 18. Qxf3 Qa6 19. Qg4 Kh8 20. Rhf1 Rad8
21. Bc1 b5 22. cxb5 Qxb5 23. e6 fxe6 24. Rxf8+ Rxf8 25. Qxe6 Bf6 26. g4 h6 27.
b3 a5 28. h4 Bxh4 29. Qd6 Rf1 30. Kc2 Rxd1 31. Qf8+ Kh7 32. Qf5+ Kh8 33. Kxd1
a4 34. Kc2 axb3+ 35. axb3 Qb4 36. Bd2 Qa3 37. Qf7 Qa2+ 38. Kd1 Qb1+ 39. Ke2 Qc2
40. Qc4 Qxc4 41. dxc4 Kg8 42. b4 Be7 43. b5 Bd6 44. b6 Kf7 45. Kf3 Ke6 46. Ke4
g5 47. Bc1 Kd7 48. Bd2 Kc6 49. Ba5 Bf4 50. Kd3 Kb7 51. Be1 Kxb6 52. Ke4 Ka6 53.
Kd3 Bc7 54. Ke4 Bf4 55. Kd3 Kb6 56. Ke4 Kc6 57. Ba5 Bc7 58. Be1 Kd7 59. Kd5 Bf4
60. Ke4 Ke6 61. Ba5 Kf6 62. Bd8+ Kf7 63. Bb6 Bd6 64. Ba5 Kg6 65. Kd5 Bf8 66.
Ke6 h5 67. gxh5+ Kxh5 68. Be1 Kg4 69. Kf7 Bd6 70. Ke6 Bf4 0-1

[Event "Campeonato Individual Provincial Absolut"]
[Site "Trinquet de Manises (Manises -"]
[Date "2011.10.01"]
[Round "1"]
[White "Gimenez Menchon, Cesar"]
[Black "Rodriguez Valencoso, Juan Carlo"]
[Result "0-1"]
[WhiteElo "2050"]
[BlackElo "2189"]
[PlyCount "100"]
[EventDate "2011.10.01"]
[EventRounds "7"]
[EventCountry "ESP"]

1. d4 d6 2. Nf3 Nf6 3. Nc3 Nbd7 4. e4 e5 5. Bc4 Be7 6. O-O h6 7. h3 c6 8. a4
O-O 9. a5 Re8 10. Re1 Bf8 11. Be3 Qc7 12. Nh4 b5 13. axb6 Nxb6 14. Bb3 Be6 15.
dxe5 dxe5 16. Bxe6 Rxe6 17. Qe2 a5 18. Nf5 Kh7 19. Na4 c5 20. Qb5 g6 21. Ng3
Nxa4 22. Qxa4 c4 23. Bd2 Bc5 24. Be3 Bf8 25. Red1 Rea6 26. Qb5 a4 27. f3 c3 28.
bxc3 Qxc3 29. Qd3 Qc7 30. c4 a3 31. Ra2 Rd6 32. Qc2 Rxd1+ 33. Qxd1 Qxc4 34. Qe2
Qb3 35. f4 exf4 36. Bxf4 Bc5+ 37. Kh2 Qb1 38. Nf1 Ra4 39. g3 Nxe4 40. Be5 f6
41. Ra1 Qb3 42. Nd2 Qc2 43. Bf4 Rd4 44. Rb1 a2 45. Rb7+ Kg8 46. Rb8+ Kf7 47.
Rb7+ Be7 48. Qa6 Rxd2+ 49. Bxd2 Qxd2+ 50. Kg1 Qf2+ 0-1

[Event "Campeonato Individual Provincial Absolut"]
[Site "Trinquet de Manises (Manises -"]
[Date "2011.10.01"]
[Round "1"]
[White "Villalba Izquierdo, Pere"]
[Black "Aparisi Arnandis, Bernardo"]
[Result "1-0"]
[WhiteElo "2169"]
[BlackElo "2048"]
[PlyCount "61"]
[EventDate "2011.10.01"]
[EventRounds "7"]
[EventCountry "ESP"]

1. e4 c5 2. Nc3 Nc6 3. Nf3 g6 4. d4 cxd4 5. Nxd4 Bg7 6. Be3 d6 7. Qd2 Nf6 8. f3
Bd7 9. O-O-O O-O 10. g4 Nxd4 11. Bxd4 Qa5 12. Kb1 Ne8 13. Nd5 Qd8 14. Bxg7 Nxg7
15. h4 h5 16. gxh5 Nxh5 17. Nf4 Nxf4 18. Qxf4 Qa5 19. h5 Be6 20. hxg6 Qxa2+ 21.
Kc1 Qa1+ 22. Kd2 Qa5+ 23. c3 fxg6 24. Rh8+ Kg7 25. Qh6+ Kf7 26. Rh7+ Ke8 27.
Qg7 Qg5+ 28. Kc2 Qf6 29. Bb5+ Kd8 30. Qxf6 exf6 31. Rxd6+ 1-0

[Event "Campeonato Individual Provincial Absolut"]
[Site "Trinquet de Manises (Manises -"]
[Date "2011.10.01"]
[Round "1"]
[White "Almenar Montaner, Vicente"]
[Black "Pavia Miralles, Jose Manuel"]
[Result "1-0"]
[WhiteElo "2039"]
[BlackElo "2166"]
[PlyCount "76"]
[EventDate "2011.10.01"]
[EventRounds "7"]
[EventCountry "ESP"]

1. e4 d6 2. d4 g6 3. Nf3 Bg7 4. Nc3 c6 5. Be2 Nf6 6. O-O O-O 7. h3 Nbd7 8. Be3
Qc7 9. a4 Re8 10. Qd2 e5 11. d5 cxd5 12. Nb5 Qb8 13. exd5 a6 14. Na3 Ne4 15.
Qb4 f5 16. Nc4 Nec5 17. a5 f4 18. Bxc5 dxc5 19. Qb3 h6 20. Nfd2 b5 21. axb6 Bb7
22. Bg4 Nf8 23. Bf3 Kh7 24. Na5 Nd7 25. Rfe1 Nf6 26. c4 Qc8 27. Ne4 Nxe4 28.
Bxe4 Rb8 29. Qc2 Kh8 30. Bxg6 Rf8 31. Be4 Ba8 32. Qb3 Rf7 33. Nc6 Bb7 34. Nxb8
Qxb8 35. Rad1 Qd8 36. d6 Bxe4 37. Rxe4 f3 38. g3 Rb7 1-0

[Event "Campeonato Individual Provincial Absolut"]
[Site "Trinquet de Manises (Manises -"]
[Date "2011.10.01"]
[Round "1"]
[White "Jordan Arenas, Manuel"]
[Black "Rubio Tent, Francisco"]
[Result "0-1"]
[WhiteElo "2166"]
[BlackElo "2037"]
[PlyCount "66"]
[EventDate "2011.10.01"]
[EventRounds "7"]
[EventCountry "ESP"]

1. e4 c5 2. Nf3 Nc6 3. Bb5 g6 4. Nc3 Bg7 5. O-O e6 6. Bxc6 dxc6 7. d3 e5 8. Be3
Qd6 9. Nd2 Nf6 10. Nc4 Qe7 11. a4 b6 12. h3 Nh5 13. Qd2 Be6 14. g4 Rd8 15. Qc1
Nf4 16. Bxf4 exf4 17. Qxf4 h5 18. e5 Bxc4 19. dxc4 hxg4 20. Rad1 gxh3 21. Rxd8+
Kxd8 22. Rd1+ Kc8 23. Ne4 Bxe5 24. Qg4+ f5 25. Qxg6 fxe4 26. Qxc6+ Qc7 27. Qe6+
Kb8 28. Rd7 Bh2+ 29. Kh1 Qf4 30. Rf7 Qg5 31. Rb7+ Kxb7 32. Qxe4+ Ka6 33. Kxh2
Rg8 0-1

[Event "Campeonato Individual Provincial Absolut"]
[Site "Trinquet de Manises (Manises -"]
[Date "2011.10.01"]
[Round "1"]
[White "De La Calle Llopis, Juan"]
[Black "Montoliu Cervero, Francisco"]
[Result "0-1"]
[WhiteElo "2025"]
[BlackElo "2159"]
[PlyCount "46"]
[EventDate "2011.10.01"]
[EventRounds "7"]
[EventCountry "ESP"]

1. d4 d5 2. Nf3 Nf6 3. c4 c6 4. Nc3 dxc4 5. e3 b5 6. a4 Nd5 7. Na2 a6 8. Ne5 e6
9. Bd2 Bb7 10. Be2 Nd7 11. O-O Nxe5 12. dxe5 Bc5 13. Kh1 O-O 14. a5 Qe7 15. Qe1
f5 16. Bd1 f4 17. e4 Nc7 18. Rc1 Bd4 19. Bc3 c5 20. b3 Bxc3 21. Rxc3 cxb3 22.
Bxb3 c4 23. Bd1 Qc5 0-1

[Event "Campeonato Individual Provincial Absolut"]
[Site "Trinquet de Manises (Manises -"]
[Date "2011.10.01"]
[Round "1"]
[White "Gonzalez Aguirre, Luis"]
[Black "Navarro Mora, Jesualdo"]
[Result "1/2-1/2"]
[WhiteElo "2150"]
[BlackElo "2009"]
[PlyCount "34"]
[EventDate "2011.10.01"]
[EventRounds "7"]
[EventCountry "ESP"]

1. c4 f5 2. g3 Nf6 3. Bg2 e6 4. Nf3 d5 5. O-O Be7 6. d3 O-O 7. Qc2 Nc6 8. Bf4
Bd6 9. Nbd2 Ne7 10. Ne5 g5 11. c5 gxf4 12. cxd6 cxd6 13. Nef3 Nh5 14. Nd4 Qb6
15. Bf3 fxg3 16. Bxh5 Qxd4 17. hxg3 Nc6 1/2-1/2

[Event "Campeonato Individual Provincial Absolut"]
[Site "Trinquet de Manises (Manises -"]
[Date "2011.10.01"]
[Round "1"]
[White "Rubio Fornes, Abel"]
[Black "Gimeno Martos, Roberto"]
[Result "0-1"]
[WhiteElo "2006"]
[BlackElo "2148"]
[PlyCount "74"]
[EventDate "2011.10.01"]
[EventRounds "7"]
[EventCountry "ESP"]

1. e4 d6 2. d4 c6 3. f4 g6 4. Nf3 Bg7 5. Nc3 Nf6 6. e5 dxe5 7. fxe5 Nd5 8. Ne4
b5 9. c4 bxc4 10. Bxc4 Nd7 11. O-O N7b6 12. b3 O-O 13. Nc5 a5 14. Ng5 a4 15.
Qe2 axb3 16. Bxb3 h6 17. Nge4 f5 18. Nf2 Kh7 19. Bd2 Nc7 20. Bc3 Nb5 21. Qd3
Nd5 22. Bd2 Ndc7 23. Bc3 Nxc3 24. Qxc3 Nb5 25. Qf3 Nxd4 26. Qe3 f4 27. Qe1 Nxb3
28. axb3 Rxa1 29. Qxa1 Qd5 30. Nfd3 Bf5 31. Qc3 g5 32. Re1 f3 33. g3 Kh8 34.
Kf2 Bxd3 35. Nxd3 Ra8 36. Nb4 Qb5 37. Qxc6 Ra2+ 0-1

[Event "Campeonato Individual Provincial Absolut"]
[Site "Trinquet de Manises (Manises -"]
[Date "2011.10.01"]
[Round "1"]
[White "Silva Rodriguez, Fernando"]
[Black "Mateu Pla, Sergio"]
[Result "1-0"]
[WhiteElo "2140"]
[BlackElo "1994"]
[PlyCount "45"]
[EventDate "2011.10.01"]
[EventRounds "7"]
[EventCountry "ESP"]

1. d4 Nf6 2. c4 g6 3. Nc3 Bg7 4. e4 d6 5. Nf3 O-O 6. h3 e5 7. d5 a5 8. Bg5 h6
9. Be3 Na6 10. Be2 Nd7 11. g4 f5 12. exf5 gxf5 13. gxf5 Ndc5 14. Rg1 Qf6 15.
Qd2 Kh7 16. Rg6 Qxf5 17. Rxg7+ Kxg7 18. Bxh6+ Kg8 19. Bxf8 Kxf8 20. Qh6+ Ke7
21. Nh4 Qf7 22. Ng6+ Kd8 23. Qh8+ 1-0

[Event "Campeonato Individual Provincial Absolut"]
[Site "Trinquet de Manises (Manises -"]
[Date "2011.10.01"]
[Round "1"]
[White "Gimenez Saiz, Jose Raul"]
[Black "Ribes Peris, Alvaro"]
[Result "0-1"]
[WhiteElo "1976"]
[BlackElo "2137"]
[PlyCount "34"]
[EventDate "2011.10.01"]
[EventRounds "7"]
[EventCountry "ESP"]

1. e4 Nf6 2. e5 Nd5 3. c4 Nb6 4. d4 d6 5. exd6 cxd6 6. Nc3 e6 7. Be3 Nc6 8. Rc1
Be7 9. Qg4 O-O 10. Qg3 Bh4 11. Qf4 e5 12. dxe5 dxe5 13. Qe4 f5 14. Qc2 f4 15.
Bc5 Nd4 16. Qd1 Bxf2+ 17. Kxf2 Qh4+ 0-1

[Event "Campeonato Individual Provincial Absolut"]
[Site "Trinquet de Manises (Manises -"]
[Date "2011.10.01"]
[Round "1"]
[White "Madero, Sergio"]
[Black "Soler Di Benedetto, Sandra"]
[Result "1/2-1/2"]
[WhiteElo "2120"]
[BlackElo "1971"]
[PlyCount "45"]
[EventDate "2011.10.01"]
[EventRounds "7"]
[EventCountry "ESP"]

1. Nf3 d5 2. c4 c6 3. g3 Nf6 4. Bg2 Bf5 5. b3 e6 6. O-O Nbd7 7. d3 Be7 8. Bb2
O-O 9. Nbd2 a5 10. h3 a4 11. bxa4 Nc5 12. Nh4 Bg6 13. Nxg6 hxg6 14. cxd5 exd5
15. Bd4 Nxa4 16. Qb3 Qd7 17. Rab1 Nc5 18. Qb2 Ra4 19. Bf3 Rfa8 20. Bxc5 Bxc5
21. Qxb7 Rxa2 22. Qxd7 Nxd7 23. Nb3 1/2-1/2

[Event "Campeonato Individual Provincial Absolut"]
[Site "Trinquet de Manises (Manises -"]
[Date "2011.10.01"]
[Round "1"]
[White "Martinez Villena, David"]
[Black "Cabero Feliciano, Guillermo"]
[Result "1/2-1/2"]
[WhiteElo "1968"]
[BlackElo "2113"]
[PlyCount "126"]
[EventDate "2011.10.01"]
[EventRounds "7"]
[EventCountry "ESP"]

1. e4 e5 2. Nf3 Nc6 3. d4 exd4 4. Nxd4 Bc5 5. Nxc6 Qf6 6. Qd2 bxc6 7. Bc4 Ne7
8. Qf4 Qxf4 9. Bxf4 d6 10. Nd2 Ng6 11. Bg3 Be6 12. Bd3 O-O 13. O-O Rae8 14. Kh1
f5 15. f4 Bb6 16. a4 fxe4 17. Nxe4 Bf5 18. Nf2 Bxd3 19. Nxd3 Re2 20. f5 Ne7 21.
a5 Bd4 22. c3 Bf6 23. Rab1 c5 24. Nf4 Rc2 25. Ne6 Rc8 26. h3 Kf7 27. Bh2 Nxf5
28. Nxc7 Ne3 29. Rf3 Nxg2 30. Bxd6 Nh4 31. Rff1 Rd8 32. Bg3 Rd3 33. Rf2 Rxf2
34. Bxf2 Rxh3+ 35. Kg1 Be7 36. Nb5 Bd8 37. Bxc5 a6 38. Bb6 Rd3 39. Nd4 Bf6 40.
Kf2 Bxd4+ 41. Bxd4 Nf5 42. Ke2 Rh3 43. Rf1 Ke6 44. Bf2 Kd5 45. Kd2 Kc4 46. Kc2
g6 47. Re1 Rh2 48. b3+ Kb5 49. Re5+ Kc6 50. Re2 Ng3 51. Re6+ Kd7 52. Rf6 Nf5
53. Rxa6 Rxf2+ 54. Kd3 h5 55. Rxg6 h4 56. a6 h3 57. a7 Ra2 58. Rg5 h2 59. Rh5
Kc6 60. a8=Q+ Rxa8 61. Rxh2 Rd8+ 62. Kc2 Ne3+ 63. Kb2 Nd1+ 1/2-1/2

[Event "Campeonato Individual Provincial Absolut"]
[Site "Trinquet de Manises (Manises -"]
[Date "2011.10.01"]
[Round "1"]
[White "Redondo Flores, David"]
[Black "Capella Gimenez, Jose M"]
[Result "0-1"]
[WhiteElo "1956"]
[BlackElo "2107"]
[PlyCount "86"]
[EventDate "2011.10.01"]
[EventRounds "7"]
[EventCountry "ESP"]

1. e4 c6 2. d4 d5 3. f3 g6 4. Nc3 Bg7 5. Be3 e6 6. Qd2 Nd7 7. Nge2 h5 8. Nf4
Ne7 9. exd5 exd5 10. Bd3 Nf6 11. O-O O-O 12. Nfe2 Bf5 13. Ng3 Bxd3 14. Qxd3 Qd7
15. Bg5 Rae8 16. Rae1 Nh7 17. Bxe7 Rxe7 18. f4 h4 19. Rxe7 Qxe7 20. Nge2 Re8
21. f5 g5 22. g4 Nf6 23. h3 Qe3+ 24. Qxe3 Rxe3 25. Kg2 Ne4 26. Rf3 Rxf3 27.
Kxf3 Nd2+ 28. Kf2 Nc4 29. b3 Na3 30. Ke3 Nxc2+ 31. Kd3 Nb4+ 32. Ke3 Kf8 33. Ng1
Nc2+ 34. Kd3 Nxd4 35. Nce2 Nxe2 36. Kxe2 Ke7 37. Nf3 Bf6 38. Kd3 Kd6 39. b4 b6
40. a4 c5 41. b5 c4+ 42. Kc2 Kc5 43. Nd2 Kb4 0-1

[Event "Campeonato Individual Provincial Absolut"]
[Site "Trinquet de Manises (Manises -"]
[Date "2011.10.01"]
[Round "1"]
[White "Martinez Lopez, Jaime"]
[Black "Monmeneu Chulia, Vicente Juan"]
[Result "1-0"]
[WhiteElo "2105"]
[BlackElo "1953"]
[PlyCount "87"]
[EventDate "2011.10.01"]
[EventRounds "7"]
[EventCountry "ESP"]

1. d4 Nf6 2. Bg5 e6 3. e4 h6 4. Bxf6 Qxf6 5. Nc3 d6 6. Qd2 g5 7. h4 Bg7 8.
O-O-O Bd7 9. hxg5 hxg5 10. Rxh8+ Bxh8 11. Nf3 g4 12. e5 Qg7 13. Ng5 f6 14. exf6
Qxf6 15. Nce4 Qh6 16. Qf4 d5 17. Nc5 Bf6 18. Ncxe6 Bxe6 19. Nxe6 Qxf4+ 20. Nxf4
Bg5 21. g3 Nd7 22. Be2 Nf6 23. Rh1 Ke7 24. Kd1 Bxf4 25. gxf4 Ke6 26. Bd3 Ne4
27. Ke2 Rg8 28. Bxe4 dxe4 29. Ke3 g3 30. fxg3 Rxg3+ 31. Kxe4 Rg2 32. f5+ Kf6
33. Rh6+ Ke7 34. f6+ Ke6 35. d5+ Kd6 36. f7+ Ke7 37. Rh8 Kxf7 38. Rh7+ Rg7 39.
Rxg7+ Kxg7 40. Ke5 Kf7 41. d6 Ke8 42. Ke6 cxd6 43. Kxd6 Kd8 44. c4 1-0

[Event "Campeonato Individual Provincial Absolut"]
[Site "Trinquet de Manises (Manises -"]
[Date "2011.10.01"]
[Round "1"]
[White "Paredes Facundo, Jose Carlos"]
[Black "Martinez Ahrens, Francisco"]
[Result "1-0"]
[WhiteElo "1937"]
[BlackElo "2105"]
[PlyCount "33"]
[EventDate "2011.10.01"]
[EventRounds "7"]
[EventCountry "ESP"]

1. e4 e6 2. d4 d5 3. Nc3 Nf6 4. Bg5 Be7 5. e5 Nfd7 6. Bxe7 Qxe7 7. f4 c5 8. Nb5
Na6 9. Nd6+ Kf8 10. Bxa6 bxa6 11. Nf3 h6 12. O-O g6 13. c3 f5 14. Qa4 g5 15.
Qc6 Nb6 16. dxc5 Bd7 17. Qb7 1-0

[Event "Campeonato Individual Provincial Absolut"]
[Site "Trinquet de Manises (Manises -"]
[Date "2011.10.01"]
[Round "1"]
[White "Navarro Diaz, Carles"]
[Black "Bixquert Jimenez, Francisco"]
[Result "0-1"]
[WhiteElo "2100"]
[BlackElo "1935"]
[PlyCount "80"]
[EventDate "2011.10.01"]
[EventRounds "7"]
[EventCountry "ESP"]

1. d4 Nf6 2. c4 e6 3. g3 d5 4. Bg2 Bb4+ 5. Bd2 Be7 6. Nc3 O-O 7. cxd5 exd5 8.
Nf3 c6 9. O-O Nbd7 10. Qc2 Re8 11. Rab1 Nf8 12. Rfc1 g6 13. Qb3 Ne6 14. Be3 Ng7
15. Ne5 Nf5 16. Nd1 Bd6 17. Nd3 Ng4 18. Nc5 Qe7 19. Bh3 Ngxe3 20. fxe3 Nxd4 21.
exd4 Bxh3 22. e3 Bxc5 23. Rxc5 Qe4 24. Rc2 Bf5 25. Rbc1 Re7 26. Qa3 Rae8 27.
Rf2 a6 28. b4 h5 29. Qb3 Bg4 30. Rc3 Kg7 31. Rf4 Qe6 32. Nf2 g5 33. Nxg4 gxf4
34. Ne5 f6 35. Nf3 fxe3 36. Nh4 Qe4 37. Rxe3 Qg4 38. Rxe7+ Rxe7 39. Qd3 Re4 40.
h3 Qxh3 0-1